000 01331nam a2200385 c 4500
001 19967
003 ES-MaCES
005 20141221122633.0
008 070418s2006 sp t 000 | spa d
017 _aM 48666-2006
_bDL
020 _a8483223538
020 _a9788483223536
035 _aCES20070004510m
040 _aES-MaCES
_bspa
_cES-MaCES
245 0 0 _aPrevención de riesgos laborales en España
_b: visión global, enfoque práctico y retos de futuro
_ccoordinado por Juan Antonio Esteban Bernardo, José Luis Alonso Ramírez
260 _aMadrid
_bPearson Educación
_c[2006]
300 _aXIII, 270 p.
_c24 cm
490 1 _aBiblioteca Aedipe de recursos humanos
504 _aBibliografía
541 _cGratuito
650 4 _aseguridad en el trabajo
_928348
650 4 _asalud en el trabajo
_928347
650 4 _ainspección del trabajo
_928213
650 4 _atamaño de la empresa
_928185
650 4 _arégimen jurídico
_929894
650 4 _aEspaña
_926964
650 4 _aestudio de casos
_928846
653 1 0 _aSalud
700 1 _aEsteban Bernardo, Juan Antonio
_ecol.
_911454
700 1 _aAlonso Ramírez, José Luis
_ecol.
_96046
830 0 _aBiblioteca Aedipe de recursos humanos
_933911
902 _aLIB Libro
942 _2CES
_cBK
_h3.1.
999 _c19967
_d19967